logo

Bir Sreshtho Munshi Abdur Rouf Library
Jhenaidah Cadet College

লালসালু / (Record no. 10817)

MARC details
000 -LEADER
fixed length control field 00689nam a2200229 a 4500
001 - CONTROL NUMBER
JCCL Control Number 10817
003 - CONTROL NUMBER IDENTIFIER
JCCL marc code BD-JhCC
005 - DATE AND TIME OF LATEST TRANSACTION
control field 20190428102823.0
008 - FIXED-LENGTH DATA ELEMENTS--GENERAL INFORMATION
fixed length control field 171012s2010 bg a|||| ||a| 000 0 ben d
020 ## - INTERNATIONAL STANDARD BOOK NUMBER
International Standard Book Number 9847015401118
035 ## - SYSTEM CONTROL NUMBER
system control number (BD-JhCC)10817
040 ## - CATALOGING SOURCE
Original cataloging agency BD-JhCC
Modifying agency BD-JhCC
041 ## - LANGUAGE CODE
Language code of Book ben
082 ## - DEWEY DECIMAL CLASSIFICATION NUMBER
Classification number 891.443
Author mark and Year OLI 2010
100 ## - MAIN ENTRY--PERSONAL NAME
Personal name ওয়ালীউল্লাহ, সৈয়দ
245 ## - TITLE STATEMENT
Title লালসালু /
Statement of responsibility, etc সৈয়দ ওয়ালীউল্লাহ;
260 ## - PUBLICATION, DISTRIBUTION, ETC. (IMPRINT)
Place of publication, distribution, etc ঢাকা :
Name of publisher, distributor, etc জয় প্রকাশন,
Date of publication, distribution, etc ২০১০.
300 ## - PHYSICAL DESCRIPTION
Pagination 95 p. :
Dimensions 21 cm.
650 ## - SUBJECT ADDED ENTRY--TOPICAL TERM
Topical term or geographic name as entry element Bengali Novel
General subdivision Literature
942 ## - ADDED ENTRY ELEMENTS (KOHA)
Source of classification or shelving scheme Dewey Decimal Classification
Koha item type Books
Holdings
Source of classification or shelving scheme Damaged status Not for loan Home library Current library Shelving location Date of accession Cost, normal purchase price Total Checkouts Full call number Barcode Date last seen Date checked out Copy number Koha item type Source of acquisition
Dewey Decimal Classification     JCC Rouf Library JCC Rouf Library General Stacks 04/28/2019 91.00 5 891.443 OLI 2010 14730 01/28/2026 01/27/2026 C-1 Books  
Dewey Decimal Classification     JCC Rouf Library JCC Rouf Library General Stacks 11/29/2020 90.00 2 891.443 OLI 2014 16508 10/12/2025 10/12/2025 C-2 Books Lt. Gen. Mahfuzur Rahman (10th intake)

JCC Library | Contacts | JCC Home

Last Update on 23 September 2017
Copyright @ 2017-2020 JCC Rouf Library
Rouf Library, Jhenidah Cadet College (JCC), Bangladesh